000 01621nam0a2200289 4500
001 RU\NLR\bibl\1705865
005 20260406041520.0
021 _aRU
_b2010-83758
_95590
035 _a(NLR Aleph) 001696916
090 _a1195887
_c1195887
100 _a20101125d2010 |||y0rusy50 ca
101 0 _arus
102 _aRU
105 _ay |||||||||
200 1 _aОрганизация самостоятельной работы при изучении курса "Социальная философия"
_eучебное пособие для студентов гуманитарных факультетов
_fВ.А. Конев, С.И. Голенков
_gМ-во образования и науки Рос. Федерации, Гос. образоват. учреждение высш. проф. образования "Самарский гос. ун-т", Каф. философии гуманитар. фак.
210 _aСамара
_cСамарский университет
_d2010
215 _a107, [1] c.
_d21
320 _aБиблиогр. в конце тем
606 1 _aСоциальная философия
_jУчебные издания для высших учебных заведений
_91917054
_3RU\NLR\auth\661163051
686 _aЮ6я73
700 1 _4070
_7ca
_8rus
_aКонев
_bВ. А.
_f1937-
_gВладимир Александрович
_9111906
_3RU\NLR\auth\771889
701 1 _aГоленков
_bС. И.
_gСергей Иванович
_4070
801 0 _aRU
_bNLR
_c20101125
_gRCR
801 1 _aRU
_bNLR
_c20101125
942 _cBOOK
980 _aNB